Normal view
MARC view
- Lott, Roger
Entry Personal Name
001 - CONTROL NUMBER
- control field: 91532
003 - CONTROL NUMBER IDENTIFIER
- control field: NUST
005 - DATE AND TIME OF LATEST TRANSACTION
- control field: 20220512115303.0
008 - FIXED-LENGTH DATA ELEMENTS
- fixed length control field: 220512|| aca||aabn | a|a d
040 ## - CATALOGING SOURCE
- Original cataloging agency: NUST
- Transcribing agency: NUST
100 ## - HEADING--PERSONAL NAME
- Personal name: Lott, Roger
670 ## - SOURCE DATA FOUND
- Source citation: Work cat.: (NUST)0: Iliffe, Jonathan. 91529, Datums and map projections for remote sensing, GIS, and surveying /, c2008.
